[Event "ENCI Limburg-open B"]
[Site "Maastricht"]
[Date "2008.05.11"]
[Round "5"]
[White "Lombaers, Peter"]
[Black "Schmitz, Martin"]
[Result "1-0"]
[WhiteElo "1663"]
[BlackElo "1847"]
[PlyCount "41"]
[EventDate "2008.05.09"]
[EventType "swiss"]
[EventRounds "7"]
[EventCountry "NED"]
[Source "P.Boonen"]
[SourceDate "2010.01.01"]

1. e4 c5 2. d4 cxd4 3. c3 dxc3 4. Nxc3 d6 5. Bc4 e6 6. Nf3 Be7 7. O-O Nf6 8.
Qe2 O-O 9. Rd1 Qa5 10. Nb5 Nc6 11. Nxd6 Bxd6 12. Rxd6 Ne5 13. Bf4 Nxc4 14. Qxc4
Bd7 15. e5 Bb5 16. Qd4 Ne8 17. Bd2 Qc7 18. Rc1 Bc6 19. Ng5 Nxd6 20. exd6 h6 21.
dxc7 1-0

[Event "ENCI Limburg-open B"]
[Site "Maastricht"]
[Date "2008.05.11"]
[Round "5"]
[White "Maessen, Roy"]
[Black "Callebaut, Giovanni"]
[Result "1-0"]
[WhiteElo "1311"]
[BlackElo "1047"]
[PlyCount "109"]
[EventDate "2008.05.09"]
[EventType "swiss"]
[EventRounds "7"]
[EventCountry "NED"]
[Source "P.Boonen"]
[SourceDate "2010.01.01"]

1. d4 d5 2. Nf3 e6 3. e3 Bd6 4. Bd3 Bd7 5. b3 Ne7 6. Bb2 Nbc6 7. O-O Ng6 8.
Bxg6 hxg6 9. Ne5 f6 10. Nf3 e5 11. h3 f5 12. dxe5 Bxe5 13. Nxe5 Nxe5 14. Bxe5
Qg5 15. f4 Qg3 16. Rf3 Qh4 17. Nc3 g5 18. Qe1 Qh6 19. fxg5 Qxg5 20. Qg3 Qxg3
21. Rxg3 O-O-O 22. Rxg7 Rde8 23. Bd4 b6 24. Rxd7 Kxd7 25. Bxh8 Rxh8 26. Nxd5 c6
27. Nf4 Rh4 28. Rd1+ Kc7 29. Ne6+ Kc8 30. Re1 Re4 31. Ng5 Re5 32. h4 f4 33. e4
a5 34. Nf3 Rc5 35. Nd4 b5 36. e5 Rd5 37. e6 Rd8 38. Nxc6 Re8 39. e7 Kb7 40. Nd4
Kb6 41. Nf5 Rxe7 42. Nxe7 Kc7 43. Nc8 Kxc8 44. Re7 Kd8 45. Rb7 Ke8 46. h5 Kf8
47. h6 f3 48. gxf3 b4 49. Ra7 Kg8 50. Kg2 Kh8 51. Kg3 Kg8 52. Kg4 Kh8 53. Kg5
Kg8 54. Kg6 Kh8 55. Ra8# 1-0

[Event "ENCI Limburg-open B"]
[Site "Maastricht"]
[Date "2008.05.11"]
[Round "5"]
[White "Metsemakers, Peter"]
[Black "Hein, Andreas"]
[Result "1-0"]
[WhiteElo "1847"]
[BlackElo "1637"]
[PlyCount "39"]
[EventDate "2008.05.09"]
[EventType "swiss"]
[EventRounds "7"]
[EventCountry "NED"]
[Source "P.Boonen"]
[SourceDate "2010.01.01"]

1. e4 d5 2. exd5 Nf6 3. d4 Nxd5 4. c4 Nb6 5. Nf3 Bf5 6. Bd3 Bxd3 7. Qxd3 e6 8.
O-O Be7 9. Nc3 c6 10. Bf4 O-O 11. Rad1 Bd6 12. Bxd6 Qxd6 13. c5 Qe7 14. cxb6
axb6 15. Rfe1 Na6 16. a3 h5 17. d5 cxd5 18. Nxd5 Qc5 19. Ng5 g6 20. Rxe6 1-0

[Event "ENCI Limburg-open B"]
[Site "Maastricht"]
[Date "2008.05.11"]
[Round "5"]
[White "Moers, Lennard"]
[Black "Ucaroglu, Melih Furkan"]
[Result "1-0"]
[WhiteElo "1492"]
[BlackElo "1064"]
[PlyCount "137"]
[EventDate "2008.05.09"]
[EventType "swiss"]
[EventRounds "7"]
[EventCountry "NED"]
[Source "P.Boonen"]
[SourceDate "2010.01.01"]

1. e4 e5 2. Nf3 Nc6 3. d4 exd4 4. Bc4 Nge7 5. Nxd4 Nxd4 6. Qxd4 Nc6 7. Qd1 d6
8. Nc3 g6 9. O-O Bg7 10. Bd2 O-O 11. Rb1 Be6 12. Bd5 Bxd5 13. Nxd5 Ne7 14. Bc3
Nxd5 15. Bxg7 Kxg7 16. Qxd5 b6 17. Rbd1 Qd7 18. e5 Rfd8 19. Rd3 Qe6 20. exd6
Qxd5 21. Rxd5 Rxd6 22. Rxd6 cxd6 23. Rd1 Re8 24. Kf1 Rd8 25. Ke2 Kf6 26. Rd3
Ke6 27. Rc3 Kd7 28. Rh3 h5 29. Rf3 Re8+ 30. Re3 Rxe3+ 31. Kxe3 Ke6 32. Kd4 d5
33. g3 f6 34. h3 g5 35. f3 f5 36. a3 g4 37. hxg4 fxg4 38. fxg4 hxg4 39. c3 a6
40. b3 a5 41. a4 Kd6 42. b4 Ke6 43. bxa5 bxa5 44. c4 dxc4 45. Kxc4 Kd6 46. Kb5
Kc7 47. Kxa5 Kb7 48. Kb5 Ka7 49. Kc5 Ka6 50. Kd5 Ka5 51. Ke5 Kxa4 52. Kf5 Kb5
53. Kxg4 Kc6 54. Kf5 Kd7 55. Kg6 Ke7 56. Kg7 Ke6 57. g4 Ke7 58. g5 Ke8 59. g6
Ke7 60. Kh7 Kf8 61. g7+ Kf7 62. g8=Q+ Kf6 63. Qd5 Ke7 64. Qc6 Kf7 65. Qd6 Ke8
66. Qc7 Kf8 67. Kg6 Ke8 68. Kf6 Kf8 69. Qf7# 1-0

[Event "ENCI Limburg-open B"]
[Site "Maastricht"]
[Date "2008.05.11"]
[Round "5"]
[White "Moog, Gerhard"]
[Black "Wallace, Gavin"]
[Result "1-0"]
[WhiteElo "1845"]
[BlackElo "1605"]
[PlyCount "101"]
[EventDate "2008.05.09"]
[EventType "swiss"]
[EventRounds "7"]
[EventCountry "NED"]
[Source "P.Boonen"]
[SourceDate "2010.01.01"]

1. e4 e6 2. d4 d5 3. Nd2 Nf6 4. e5 Nfd7 5. Bd3 c5 6. c3 Nc6 7. Ne2 Qb6 8. Nf3
Be7 9. O-O O-O 10. Qc2 h6 11. Qd1 cxd4 12. cxd4 f5 13. Nf4 Nb4 14. Ng6 Rf7 15.
Bb1 Nf8 16. Nxe7+ Rxe7 17. a3 Nc6 18. h4 Na5 19. b4 Nc4 20. Bd3 Qc7 21. a4 a6
22. Qb3 Bd7 23. Bf4 Ng6 24. Bh2 Ree8 25. Rac1 b5 26. a5 Qd8 27. Bg3 Rc8 28. h5
Ne7 29. Bh4 Qc7 30. Bb1 Qa7 31. Rfd1 Kh8 32. Rc3 Kg8 33. g3 Kh8 34. Kg2 Kg8 35.
Rcc1 Kf7 36. Rc2 Kf8 37. Qd3 Nc6 38. Qb3 Kf7 39. Re2 Kf8 40. Kh2 Kf7 41. Ree1
Kg8 42. Rg1 Rf8 43. g4 Be8 44. gxf5 Bxh5 45. f6 Rf7 46. Qd3 Kf8 47. Qh7 Ke8 48.
fxg7 Kd7 49. Bg6 Bxg6 50. Rxg6 Nxd4 51. Rxd4 1-0

[Event "ENCI Limburg-open B"]
[Site "Maastricht"]
[Date "2008.05.11"]
[Round "5"]
[White "Morren, Emily"]
[Black "Rodriguez, Abelardo"]
[Result "0-1"]
[WhiteElo "1416"]
[BlackElo "1214"]
[PlyCount "84"]
[EventDate "2008.05.09"]
[EventType "swiss"]
[EventRounds "7"]
[EventCountry "NED"]
[Source "P.Boonen"]
[SourceDate "2010.01.01"]

1. e4 e6 2. Nf3 d5 3. exd5 exd5 4. d4 Nf6 5. Bd3 Bd6 6. Qe2+ Be6 7. Ng5 Qe7 8.
Nxe6 fxe6 9. O-O O-O 10. c4 c6 11. Nc3 Qf7 12. c5 Bc7 13. Bd2 Nbd7 14. b4 b5
15. a3 Nh5 16. Qg4 Nf4 17. Bxf4 Bxf4 18. Qe2 Qf6 19. Rae1 Rae8 20. Nxb5 cxb5
21. Bxb5 Qe7 22. c6 Nb6 23. g3 Bc7 24. Qg4 Rf6 25. a4 Ref8 26. Qe2 Qf7 27. a5
Nc8 28. Kg2 Nd6 29. Bd3 Rh6 30. Rh1 Nf5 31. Bxf5 Qxf5 32. b5 Qh3+ 33. Kg1 Rhf6
34. Qf1 Qf5 35. Re2 Bxa5 36. h4 Bb6 37. Rd2 Bc7 38. Rh2 Bxg3 39. Qh3 Bxh2+ 40.
Qxh2 Qb1+ 41. Kg2 Rg6+ 42. Kh3 Qf5# 0-1

[Event "ENCI Limburg-open B"]
[Site "Maastricht"]
[Date "2008.05.11"]
[Round "5"]
[White "Neve, Peter"]
[Black "Mollema, Thomas"]
[Result "1-0"]
[WhiteElo "1636"]
[BlackElo "1422"]
[PlyCount "63"]
[EventDate "2008.05.09"]
[EventType "swiss"]
[EventRounds "7"]
[EventCountry "NED"]
[Source "P.Boonen"]
[SourceDate "2010.01.01"]

1. e4 e5 2. Nf3 Nc6 3. d4 exd4 4. Bc4 Be7 5. c3 dxc3 6. Qd5 Nh6 7. Bxh6 O-O 8.
Bc1 Nb4 9. Qf5 Nc2+ 10. Kd1 Nxa1 11. Nxc3 d6 12. Qf4 Bf6 13. Be3 Be6 14. Nd2
Be5 15. Qg5 Bxc4 16. Nxc4 Qd7 17. Kd2 Bxc3+ 18. Kxc3 b5 19. Na5 b4+ 20. Kd2 Qa4
21. Rxa1 c5 22. Nc4 b3 23. Qd5 Qb4+ 24. Ke2 bxa2 25. Rxa2 Rfd8 26. Nxd6 h6 27.
Bxc5 Qb8 28. Qxf7+ Kh7 29. Bd4 Rg8 30. Qf5+ g6 31. Qf7+ Rg7 32. Qxg7# 1-0

[Event "ENCI Limburg-open B"]
[Site "Maastricht"]
[Date "2008.05.11"]
[Round "5"]
[White "Nissel, Andreas"]
[Black "Cox, Jan"]
[Result "1-0"]
[WhiteElo "1677"]
[BlackElo "1477"]
[PlyCount "117"]
[EventDate "2008.05.09"]
[EventType "swiss"]
[EventRounds "7"]
[EventCountry "NED"]
[Source "P.Boonen"]
[SourceDate "2010.01.01"]

1. d4 Nf6 2. Nc3 e6 3. Nf3 Bb4 4. Bg5 d5 5. Qd3 O-O 6. O-O-O Nc6 7. Ne5 Be7 8.
h4 h6 9. a3 hxg5 10. hxg5 Ne4 11. Nxe4 dxe4 12. Qxe4 Bxg5+ 13. f4 Bh6 14. e3
Qd5 15. Qf3 Qxf3 16. gxf3 Nxe5 17. dxe5 b6 18. Bd3 Bb7 19. Rdg1 Kh8 20. Rg3 f6
21. Rhh3 f5 22. Rg6 Rae8 23. Bb5 Re7 24. Kd2 Kh7 25. Rg2 Rh8 26. Ke2 Kg8 27.
Rg6 Kf7 28. Rhg3 c6 29. Bc4 Ra8 30. e4 fxe4 31. fxe4 a5 32. f5 Ba6 33. Bxa6
Rxa6 34. f6 gxf6 35. Rxf6+ Ke8 36. Rxh6 b5 37. Rh8+ Kd7 38. Rd3+ Kc7 39. Rd6 b4
40. Rh6 bxa3 41. bxa3 Rb6 42. Rh3 Rb5 43. Rc3 Rxe5 44. Rcxc6+ Kb7 45. Ke3 Rh5
46. a4 e5 47. Kd3 Rh3+ 48. Kc4 Re3 49. Kd5 Re2 50. Rb6+ Ka7 51. c3 Rc2 52. Ra6+
Kb7 53. Rdb6+ Kc7 54. c4 Rd2+ 55. Kc5 Rc2 56. Ra7+ Kc8 57. Rxe7 Rd2 58. Kc6 Rd7
59. Re8+ 1-0

[Event "ENCI Limburg-open B"]
[Site "Maastricht"]
[Date "2008.05.11"]
[Round "5"]
[White "Obels, Pepijn"]
[Black "Van Kesteren, Stef"]
[Result "1-0"]
[WhiteElo "1728"]
[BlackElo "1859"]
[PlyCount "95"]
[EventDate "2008.05.09"]
[EventType "swiss"]
[EventRounds "7"]
[EventCountry "NED"]
[Source "P.Boonen"]
[SourceDate "2010.01.01"]

1. e4 Nc6 2. d4 d5 3. e5 Bf5 4. c3 e6 5. Nd2 h5 6. Ndf3 h4 7. Ne2 Be7 8. Nf4 g5
9. Nd3 g4 10. Nd2 Qd7 11. Nb3 b6 12. Bf4 O-O-O 13. Ndc1 Be4 14. Nc5 Bxc5 15.
dxc5 h3 16. f3 hxg2 17. Bxg2 gxf3 18. Bxf3 Bxf3 19. Qxf3 Qe7 20. cxb6 cxb6 21.
Ne2 Qc7 22. O-O-O Nxe5 23. Qg3 f6 24. Nd4 Re8 25. Nb5 Qd7 26. Bxe5 Qxb5 27. Qg7
fxe5 28. Qxh8 d4 29. cxd4 e4 30. Qe5 Qd5 31. Kb1 Kd7 32. Rc1 Rc8 33. Qxd5+ exd5
34. Rxc8 Kxc8 35. h4 Kd7 36. h5 Nh6 37. Rg1 Nf5 38. Rg5 Ke6 39. h6 Nxh6 40.
Rg6+ Kf5 41. Rxh6 e3 42. Kc1 Ke4 43. Rh4+ Kd3 44. Kd1 a6 45. Rh6 Kxd4 46. Rxb6
a5 47. Ke2 Ke4 48. Re6+ 1-0

[Event "ENCI Limburg-open B"]
[Site "Maastricht"]
[Date "2008.05.11"]
[Round "5"]
[White "Overtoom, Reinier"]
[Black "Marcoen, Tom"]
[Result "1-0"]
[WhiteElo "1672"]
[BlackElo "1384"]
[PlyCount "59"]
[EventDate "2008.05.09"]
[EventType "swiss"]
[EventRounds "7"]
[EventCountry "NED"]
[Source "P.Boonen"]
[SourceDate "2010.01.01"]

1. Nc3 e5 2. e4 Nf6 3. f4 exf4 4. e5 Qe7 5. Qe2 Ng8 6. Nf3 c6 7. d4 d6 8. Bxf4
dxe5 9. dxe5 Bg4 10. O-O-O Bxf3 11. Qxf3 Qe6 12. Qe4 Ne7 13. Bc4 Qg6 14. Qd4
Nd5 15. Nxd5 cxd5 16. Qxd5 Be7 17. Bb5+ Nc6 18. Qd7+ Kf8 19. Qxb7 Rb8 20. Qxc6
Qf5 21. Qf3 g5 22. Bd7 Qg6 23. Bg3 Kg7 24. e6 f6 25. Bxb8 Rxb8 26. Ba4 Qh6 27.
Kb1 Qh4 28. Bb3 Qb4 29. Rd7 a5 30. a4 1-0

[Event "ENCI Limburg-open B"]
[Site "Maastricht"]
[Date "2008.05.11"]
[Round "5"]
[White "Pietz, Helmut"]
[Black "Johnen, Franz"]
[Result "1/2-1/2"]
[WhiteElo "1715"]
[BlackElo "1587"]
[PlyCount "23"]
[EventDate "2008.05.09"]
[EventType "swiss"]
[EventRounds "7"]
[EventCountry "NED"]
[Source "P.Boonen"]
[SourceDate "2010.01.01"]

1. Nf3 d5 2. g3 Nf6 3. Bg2 c5 4. d3 e6 5. b3 Be7 6. Bb2 O-O 7. O-O Nc6 8. Nbd2
Qc7 9. a3 b6 10. Re1 Bb7 11. Rb1 Rac8 12. e3 1/2-1/2

[Event "ENCI Limburg-open B"]
[Site "Maastricht"]
[Date "2008.05.11"]
[Round "5"]
[White "Racke, Dana"]
[Black "Van Endert, Lynn"]
[Result "0-1"]
[WhiteElo "1075"]
[BlackElo "1471"]
[PlyCount "40"]
[EventDate "2008.05.09"]
[EventType "swiss"]
[EventRounds "7"]
[EventCountry "NED"]
[Source "P.Boonen"]
[SourceDate "2010.01.01"]

1. Nf3 Nc6 2. g3 Nf6 3. Bg2 e5 4. d3 d5 5. Nbd2 Bc5 6. O-O O-O 7. e3 Bg4 8. h3
Bh5 9. Qe1 Re8 10. b3 Nb4 11. Qd1 e4 12. dxe4 dxe4 13. g4 exf3 14. Qxf3 Bg6 15.
Qxb7 Rb8 16. Qf3 Nxc2 17. Rb1 Nxe3 18. Rb2 Nxf1 19. Kxf1 Bd3+ 20. Kg1 Re1+ 0-1

[Event "ENCI Limburg-open B"]
[Site "Maastricht"]
[Date "2008.05.11"]
[Round "5"]
[White "Raemakers, Karl"]
[Black "Beukema, Louise"]
[Result "1-0"]
[WhiteElo "1540"]
[BlackElo "1217"]
[PlyCount "43"]
[EventDate "2008.05.09"]
[EventType "swiss"]
[EventRounds "7"]
[EventCountry "NED"]
[Source "P.Boonen"]
[SourceDate "2010.01.01"]

1. e4 e5 2. Nf3 Nc6 3. Bc4 Bc5 4. c3 Nf6 5. d4 Bb6 6. Nxe5 Nxe5 7. dxe5 Nxe4 8.
Bxf7+ Kf8 9. Qf3 Ng5 10. Bxg5 Qxg5 11. Bd5+ Ke8 12. Qf7+ Kd8 13. O-O Qxe5 14.
Nd2 Re8 15. Nf3 Qd6 16. Rfe1 Rf8 17. Qxg7 c6 18. Bf7 Qc5 19. b4 Qd6 20. Rad1
Rxf7 21. Qxf7 Qh6 22. Re6 1-0

[Event "ENCI Limburg-open B"]
[Site "Maastricht"]
[Date "2008.05.11"]
[Round "5"]
[White "Rahangmetan, Derek Jan"]
[Black "Springelkamp, Gerdien"]
[Result "1-0"]
[WhiteElo "1507"]
[BlackElo "1096"]
[PlyCount "84"]
[EventDate "2008.05.09"]
[EventType "swiss"]
[EventRounds "7"]
[EventCountry "NED"]
[Source "P.Boonen"]
[SourceDate "2010.01.01"]

1. d4 d5 2. e3 Nc6 3. Bd3 Nf6 4. c3 Bg4 5. f3 Bd7 6. Nd2 e6 7. f4 Bd6 8. Ngf3
O-O 9. O-O e5 10. fxe5 Bxe5 11. Nxe5 Nxe5 12. dxe5 Ng4 13. Rf4 Qg5 14. Nf3 Qe7
15. h3 Nxe5 16. Nxe5 Qxe5 17. Rh4 g6 18. Qf3 Bc6 19. Qf4 Qxf4 20. exf4 Rae8 21.
f5 g5 22. Bxg5 f6 23. Bh6 Rf7 24. c4 Re5 25. b4 Rfe7 26. b5 Bd7 27. cxd5 c6 28.
d6 Re8 29. Rg4+ Kh8 30. Bg7+ Kg8 31. Bxf6+ Kf7 32. Bxe5 Rxe5 33. Rf4 cxb5 34.
Re4 Rd5 35. Re7+ Kf6 36. Rxd7 Rxd3 37. Rxh7 Rxd6 38. Rxb7 Rd5 39. g4 a6 40. Re1
Rd8 41. Kg2 Rf8 42. Kg3 Rg8 1-0

[Event "ENCI Limburg-open B"]
[Site "Maastricht"]
[Date "2008.05.11"]
[Round "5"]
[White "Reyskens, Jules"]
[Black "Bemmelmans, Kristy"]
[Result "1/2-1/2"]
[WhiteElo "1721"]
[BlackElo "1440"]
[PlyCount "104"]
[EventDate "2008.05.09"]
[EventType "swiss"]
[EventRounds "7"]
[EventCountry "NED"]
[Source "P.Boonen"]
[SourceDate "2010.01.01"]

1. e4 c5 2. Nf3 Nc6 3. d4 cxd4 4. Nxd4 Nf6 5. Nc3 e5 6. Ndb5 d6 7. Bg5 a6 8.
Na3 b5 9. Bxf6 gxf6 10. Nd5 f5 11. exf5 Bxf5 12. c3 Bg7 13. Nc2 O-O 14. Nce3
Be6 15. g3 Rb8 16. Bg2 b4 17. Nxb4 Nxb4 18. cxb4 Rxb4 19. b3 Rd4 20. Qh5 Qa5+
21. Kf1 Qb5+ 22. Qe2 Rc8 23. Qxb5 axb5 24. Ke2 Rc3 25. Rac1 b4 26. Rhd1 Bh6 27.
Rxc3 bxc3 28. Rd3 c2 29. Rc3 Bxe3 30. fxe3 Bg4+ 31. Bf3 Bxf3+ 32. Kxf3 Rd2 33.
h4 f5 34. Rc7 h6 35. g4 e4+ 36. Kg3 fxg4 37. Kxg4 c1=Q 38. Rxc1 Rxa2 39. Rc7
Rb2 40. Rb7 Re2 41. Kf4 d5 42. Ke5 Rxe3 43. Kxd5 Kf8 44. b4 Ke8 45. b5 Kd8 46.
b6 Kc8 47. Rh7 Rb3 48. b7+ Rxb7 49. Rxb7 Kxb7 50. Kxe4 Kc7 51. Ke5 Kd7 52. Kf6
Ke8 1/2-1/2

[Event "ENCI Limburg-open B"]
[Site "Maastricht"]
[Date "2008.05.11"]
[Round "5"]
[White "Rieksen, Koen"]
[Black "Bieberle, Gerhard"]
[Result "1/2-1/2"]
[WhiteElo "1535"]
[BlackElo "1789"]
[PlyCount "90"]
[EventDate "2008.05.09"]
[EventType "swiss"]
[EventRounds "7"]
[EventCountry "NED"]
[Source "P.Boonen"]
[SourceDate "2010.01.01"]

1. e4 e6 2. d4 c5 3. Nf3 cxd4 4. Nxd4 a6 5. a4 b6 6. Nc3 Bb7 7. Be3 Bb4 8. Bd3
Nf6 9. f3 O-O 10. O-O Bxc3 11. bxc3 Qc7 12. c4 d6 13. Bg5 Nbd7 14. Kh1 Ne8 15.
Be7 Rc8 16. Bxf8 Kxf8 17. f4 Nef6 18. Qe2 Nc5 19. e5 Nfe4 20. f5 dxe5 21. fxe6
f6 22. Nb3 Nxd3 23. cxd3 Ng5 24. Qg4 Qe7 25. Qxg5 Kg8 26. Qg4 Rd8 27. Rad1 Bc8
28. Qe4 Bxe6 29. Qc6 Bg4 30. Qxb6 Bxd1 31. Rxd1 e4 32. d4 f5 33. d5 f4 34. Re1
e3 35. Qe6+ Qxe6 36. dxe6 g5 37. Kg1 h5 38. Kf1 Kf8 39. g3 Ke7 40. gxf4 gxf4
41. Ke2 Kxe6 42. Kf3 Kf5 43. Re2 Rd1 44. Kg2 h4 45. h3 Rd8 1/2-1/2

[Event "ENCI Limburg-open B"]
[Site "Maastricht"]
[Date "2008.05.11"]
[Round "5"]
[White "Rieksen, Richard"]
[Black "Tuerlinckx, Ben"]
[Result "1/2-1/2"]
[WhiteElo "1684"]
[BlackElo "1281"]
[PlyCount "76"]
[EventDate "2008.05.09"]
[EventType "swiss"]
[EventRounds "7"]
[EventCountry "NED"]
[Source "P.Boonen"]
[SourceDate "2010.01.01"]

1. e4 c6 2. d4 d5 3. e5 c5 4. c3 Bf5 5. Nf3 e6 6. Be2 Qb6 7. O-O Ne7 8. a3 Nec6
9. b4 cxb4 10. cxb4 a6 11. Bb2 Be7 12. Nbd2 O-O 13. Nb3 Nd7 14. h3 h6 15. Bd3
Bxd3 16. Qxd3 Rac8 17. Rac1 Rfe8 18. Kh1 Bf8 19. Nh2 Ne7 20. f4 g6 21. g4 Bg7
22. Rg1 Nf8 23. Rcf1 Rc7 24. h4 Rec8 25. Nc5 Nd7 26. Nf3 Nxc5 27. dxc5 Qc6 28.
Nd4 Qd7 29. Nb3 Qd8 30. Qg3 Qe8 31. f5 Bf8 32. Nd4 Nc6 33. h5 g5 34. fxe6 fxe6
35. Nxc6 Qxc6 36. Qd3 Bg7 37. Bd4 Qe8 38. Rf3 Rf7 1/2-1/2

[Event "ENCI Limburg-open B"]
[Site "Maastricht"]
[Date "2008.05.11"]
[Round "5"]
[White "Roelofs, Eric"]
[Black "Klokgieters, Jeroen"]
[Result "1-0"]
[WhiteElo "1415"]
[BlackElo "1169"]
[PlyCount "81"]
[EventDate "2008.05.09"]
[EventType "swiss"]
[EventRounds "7"]
[EventCountry "NED"]
[Source "P.Boonen"]
[SourceDate "2010.01.01"]

1. e4 e5 2. Nf3 Nc6 3. Bc4 Bc5 4. c3 Nf6 5. d3 h6 6. b4 Bb6 7. h3 a6 8. Qb3 O-O
9. Ba3 d6 10. Nbd2 Bd7 11. Nf1 Qb8 12. Qc2 Qa7 13. Bc1 Rfe8 14. Be3 Bxe3 15.
Nxe3 Be6 16. Bxe6 Rxe6 17. Nf5 Qb8 18. Qd2 d5 19. Qc2 dxe4 20. dxe4 Qd8 21. Rd1
Qc8 22. O-O Kf8 23. Rd2 Ne7 24. Ne3 a5 25. b5 Qe8 26. a4 b6 27. Rfd1 c6 28. c4
Rc8 29. Qb2 cxb5 30. cxb5 g6 31. Rd6 Rxd6 32. Rxd6 Rc5 33. Rxf6 Qd7 34. Qb3 Nc8
35. Nd5 Kg7 36. Nxe5 Qe8 37. Qf3 Qxe5 38. Rxf7+ Kg8 39. Rf8+ Kh7 40. Qf7+ Qg7
41. Nf6# 1-0

[Event "ENCI Limburg-open B"]
[Site "Maastricht"]
[Date "2008.05.11"]
[Round "5"]
[White "Roemhild, Wolfgang"]
[Black "Gijsen, Michelle"]
[Result "1/2-1/2"]
[WhiteElo "1734"]
[BlackElo "1580"]
[PlyCount "117"]
[EventDate "2008.05.09"]
[EventType "swiss"]
[EventRounds "7"]
[EventCountry "NED"]
[Source "P.Boonen"]
[SourceDate "2010.01.01"]

1. b3 e5 2. Bb2 d6 3. d4 exd4 4. Qxd4 Nc6 5. Qd2 Nf6 6. Nc3 Bf5 7. f3 d5 8.
O-O-O Nb4 9. e4 dxe4 10. Qf4 Bd7 11. a3 Nc6 12. Nxe4 Nxe4 13. fxe4 Bd6 14. Qe3
f6 15. Nf3 Qe7 16. Kb1 O-O-O 17. Bb5 Bc5 18. Qe2 Bxa3 19. Bxc6 Bxc6 20. e5 Bxb2
21. Kxb2 fxe5 22. Nxe5 Rhe8 23. Qg4+ Bd7 24. Nxd7 Rxd7 25. Rde1 Qf6+ 26. Kb1
Rxe1+ 27. Rxe1 Kd8 28. Qe4 Qf7 29. Qh4+ Qf6 30. Qxh7 Rf7 31. Qg8+ Rf8 32. Qd5+
Kc8 33. Qc5 b6 34. Qc4 Qf2 35. Re2 Qg1+ 36. Ka2 Qxh2 37. Qg4+ Kb7 38. Qxg7 Qh8
39. Qg5 Qf6 40. Qd5+ Qc6 41. Qh5 Rg8 42. Qh3 Qg6 43. Qf3+ Qc6 44. Qxc6+ Kxc6
45. Kb2 a5 46. Kc3 Kd5 47. Kd2 b5 48. Ke1 a4 49. c4+ bxc4 50. bxa4 Kc5 51. a5
Kb5 52. Ra2 Ka6 53. Kf2 c3 54. Kf3 Rb8 55. Rc2 Rb3 56. g4 Kxa5 57. g5 Rb5 58.
Rxc3 Rxg5 59. Rxc7 1/2-1/2

[Event "ENCI Limburg-open B"]
[Site "Maastricht"]
[Date "2008.05.11"]
[Round "5"]
[White "Sharifi Shamili, Ashkan"]
[Black "De Boer, Guus"]
[Result "1-0"]
[WhiteElo "1356"]
[BlackElo "1673"]
[PlyCount "83"]
[EventDate "2008.05.09"]
[EventType "swiss"]
[EventRounds "7"]
[EventCountry "NED"]
[Source "P.Boonen"]
[SourceDate "2010.01.01"]

1. e4 Nf6 2. e5 Nd5 3. c4 Nb6 4. d4 d6 5. exd6 exd6 6. Nc3 Nc6 7. h3 Bf5 8. Nf3
Nb4 9. Be3 Nc2+ 10. Kd2 Nxa1 11. Qxa1 Be7 12. Qd1 c6 13. Kc1 O-O 14. g4 Be6 15.
Nd2 f5 16. f4 d5 17. c5 Nd7 18. g5 b6 19. Qa4 Qc7 20. Nb3 Rab8 21. h4 a5 22.
Ne2 bxc5 23. Nxc5 Nxc5 24. dxc5 Rb4 25. Qa3 Qa7 26. Bd2 Qxc5+ 27. Kb1 Rb7 28.
Qd3 Rfb8 29. Bc3 Qd6 30. Bg2 Rb5 31. Qd2 c5 32. Be5 Qc6 33. Bxb8 Rxb8 34. Nc3
Rd8 35. Re1 Qd7 36. Qe2 Kf7 37. h5 Bf8 38. g6+ hxg6 39. hxg6+ Kxg6 40. Qxe6+
Qxe6 41. Rxe6+ Kh5 42. Nxd5 1-0

[Event "ENCI Limburg-open B"]
[Site "Maastricht"]
[Date "2008.05.11"]
[Round "5"]
[White "Slangen Knuit, Dien"]
[Black "Bok, Gidius"]
[Result "0-1"]
[WhiteElo "1297"]
[BlackElo "1519"]
[PlyCount "42"]
[EventDate "2008.05.09"]
[EventType "swiss"]
[EventRounds "7"]
[EventCountry "NED"]
[Source "P.Boonen"]
[SourceDate "2010.01.01"]

1. d4 d5 2. e3 Nc6 3. c4 Nf6 4. Nc3 dxc4 5. Bxc4 e5 6. Qa4 exd4 7. exd4 Qe7+ 8.
Be3 Qb4 9. Bb5 Qxa4 10. Bxa4 Bd7 11. Nf3 O-O-O 12. O-O Ng4 13. Bf4 Nxd4 14.
Nxd4 Bxa4 15. Rae1 Rxd4 16. Re8+ Bxe8 17. Bg3 Bd6 18. Nb5 Rd5 19. Nxa7+ Kb8 20.
f3 Bxg3 21. fxg4 Be5 0-1

[Event "ENCI Limburg-open B"]
[Site "Maastricht"]
[Date "2008.05.11"]
[Round "5"]
[White "Smit, Melvin"]
[Black "Loose, Rob"]
[Result "1/2-1/2"]
[WhiteElo "1678"]
[BlackElo "1859"]
[PlyCount "43"]
[EventDate "2008.05.09"]
[EventType "swiss"]
[EventRounds "7"]
[EventCountry "NED"]
[Source "P.Boonen"]
[SourceDate "2010.01.01"]

1. d4 d5 2. e3 Nf6 3. Bd3 g6 4. c3 Bg7 5. Nd2 Nbd7 6. f4 c5 7. Ngf3 b6 8. Ne5
Nxe5 9. fxe5 Ng4 10. Nf3 O-O 11. O-O Nh6 12. Qe2 Bg4 13. Qf2 Bxf3 14. gxf3 e6
15. Kh1 Kh8 16. Rg1 Ng8 17. Bd2 Rc8 18. Rac1 Ne7 19. Qh4 Nc6 20. Qxd8 Rfxd8 21.
Rg2 Bh6 22. f4 1/2-1/2

[Event "ENCI Limburg-open B"]
[Site "Maastricht"]
[Date "2008.05.11"]
[Round "5"]
[White "Sofic, Narcis"]
[Black "Uckerman, John"]
[Result "1-0"]
[WhiteElo "1882"]
[BlackElo "1683"]
[PlyCount "87"]
[EventDate "2008.05.09"]
[EventType "swiss"]
[EventRounds "7"]
[EventCountry "NED"]
[Source "P.Boonen"]
[SourceDate "2010.01.01"]

1. c4 Nf6 2. Nc3 e6 3. d4 Bb4 4. Qc2 h6 5. a3 Bxc3+ 6. Qxc3 d6 7. Nf3 Nbd7 8.
e3 Ne4 9. Qc2 f5 10. Bd3 Ndf6 11. b4 g5 12. Nd2 Nxd2 13. Bxd2 O-O 14. Bc3 Qe7
15. h4 g4 16. O-O-O d5 17. f3 h5 18. Rdf1 Bd7 19. e4 a5 20. exf5 exf5 21. Re1
Qd6 22. Re5 c6 23. c5 Qc7 24. Bxf5 axb4 25. Bxb4 Rae8 26. Rhe1 Qc8 27. Bxd7
Qxd7 28. Rg5+ Kh8 29. Qg6 Rxe1+ 30. Bxe1 Qh7 31. Qxh7+ Kxh7 32. Bg3 Rg8 33. Bf4
Rxg5 34. Bxg5 gxf3 35. gxf3 Nd7 36. Kd2 Kg6 37. Kc3 Kf5 38. Kb4 Nf8 39. Ka5 Ne6
40. Be3 Nf8 41. Kb6 Ng6 42. Bg5 Nxh4 43. Bxh4 Kf4 44. Kxb7 1-0

[Event "ENCI Limburg-open B"]
[Site "Maastricht"]
[Date "2008.05.11"]
[Round "5"]
[White "Spoelstra, Henri"]
[Black "Henrotte, Nils"]
[Result "1-0"]
[WhiteElo "1739"]
[BlackElo "1555"]
[PlyCount "57"]
[EventDate "2008.05.09"]
[EventType "swiss"]
[EventRounds "7"]
[EventCountry "NED"]
[Source "P.Boonen"]
[SourceDate "2010.01.01"]

1. d4 d5 2. Bf4 c5 3. e3 Nc6 4. Nf3 Qb6 5. b3 Bg4 6. dxc5 Qxc5 7. Be2 e6 8. O-O
Nf6 9. h3 Bh5 10. Nbd2 Be7 11. c4 O-O 12. Ne5 Bxe2 13. Qxe2 Nxe5 14. Bxe5 dxc4
15. Nxc4 b6 16. Rfd1 Rfd8 17. Rac1 Rxd1+ 18. Rxd1 Rd8 19. Rxd8+ Bxd8 20. Qf3
Qd5 21. Qxd5 Nxd5 22. e4 Nb4 23. a4 Nc6 24. Bc3 Bc7 25. b4 a6 26. e5 g6 27. b5
axb5 28. axb5 Kf8 29. bxc6 1-0